000 00970nab a22002417a 4500
999 _c5547
_d5547
003 OSt
005 20251215160844.0
008 190429b xxu||||| |||| 00| 0 spa d
040 _cPJ
100 _95637
_aPravia, Alberto
245 1 3 _aAsociación ilícita en los casos de lesa humanidad. Una posición disruptiva /
_cAlberto Pravia.
260 _cCiudad Autónoma de Buenos Aires :
_aThomson Reuters La Ley,
_b2025.
300 _ap. 122-128
500 _aCita: AR/DOC/409/2024.
505 _tSi te interesa el texto completo, solicitalo a koha@justierradelfuego.gov.ar
650 0 _9343
_aDERECHO PENAL
650 0 _92758
_aASOCIACIÓN ILÍCITA
650 0 _92753
_aPARTICIPACIÓN CRIMINAL
650 0 _96334
_aCRÍMENES DE LESA HUMANIDAD
650 0 _94966
_aFUERZAS ARMADAS
773 0 _02658
_93164
_tRevista de derecho penal y criminología. Nº 3 - Abril 2024
_dCiudad Autónoma de Buenos Aires : Thomson Reuters La Ley, 2017-
_x00347914
942 _2udc
_cANA